00275nam a2200121Ia 4500008004100000100000900041245002500050260003700075300000700112650001000119942000700129999001700136190216s9999||||xx |||||||||||||| ||und|| aNull 0aHindi-Chamangari Dol bNew Age International Publishers a92 aHindi cBK c15892d15892